00875cam a22002291 4500001001300000003000400013005001700017008004100034010001700075035002000092040001900112042001200131050002700143051001700170100004700187245004400234260007100278300002600349501017700375650002600552830006700578e 49000052 DLC20260227111234.0830126s1949 dcua 000 0 eng  ae 49000052  a(OCoLC)16764277 aDLCcOrPSdDLC apremarc00aL111b.A6 1949, no. 12 aLB1570b.B351 aBathurst, Effie G.q(Effie Geneva),d1886-14aThe place of subjects in the curriculum a[Washington]bFederal Security Agency, Office of Educationc[1949] a33 p.billus.c23 cm. aCopies 1 and 2 of L111.A6 with: Petersburg builds a health program / Effie G. Bathurst. Washington : Govt. Print. Off., 1949. Bound together subsequent to publication.5DLC 0aEducationxCurricula. 0aBulletin (United States. Office of Education) ;v1949, no. 12.